| 000 | 00776nam a22002177a 4500 | ||
|---|---|---|---|
| 999 |
_c12471 _d12471 |
||
| 003 | AR-CdUCM | ||
| 008 | 190409b ||||| |||| 00| 0 spa d | ||
| 040 |
_aMUNICIPALIDAD PROVINCIAL DEL CUSCO _cBIBLIOTECA MUNICIPAL DEL CUSCO |
||
| 082 |
_aC / 869.552 / _bP117 |
||
| 100 |
_aPalma, Ricardo _9304 |
||
| 245 | _aMis ultimas tradiciones Peruanas y cachivacheria / | ||
| 260 |
_aBarcelona : _bMaucci, _c1906. |
||
| 300 |
_a604 páginas ; _c24 cm. |
||
| 505 | _aLiteratura peruana -- La tradición de Ricardo Palma -- El juicio crítico -- La capa de san José --Cachivacheria... | ||
| 650 |
_aRicardo Palma. _923917 |
||
| 650 |
_aTradiciones Peruanas. _9305 |
||
| 650 |
_aCostumbres. _9230 |
||
| 650 |
_aTradiciones. _9229 |
||
| 942 |
_2ddc _cLIBROS |
||
| 945 |
_awfj _d2019-04-09 |
||